Effectiveness of Passive Adaptation Measures Against Climate Change for Buildings in Hot, Humid and Desert Climate / (Record no. 608746)
[ view plain ]
| 000 -LEADER | |
|---|---|
| fixed length control field | 00515nam a22001457a 4500 |
| 003 - CONTROL NUMBER IDENTIFIER | |
| control field | NUST |
| 082 ## - DEWEY DECIMAL CLASSIFICATION NUMBER | |
| Classification number | 621 |
| 100 ## - MAIN ENTRY--PERSONAL NAME | |
| Personal name | Saeed , Owais |
| 245 ## - TITLE STATEMENT | |
| Title | Effectiveness of Passive Adaptation Measures Against Climate Change for Buildings in Hot, Humid and Desert Climate / |
| Statement of responsibility, etc. | Owais Saeed |
| 264 ## - PRODUCTION, PUBLICATION, DISTRIBUTION, MANUFACTURE, AND COPYRIGHT NOTICE | |
| Place of production, publication, distribution, manufacture | Islamabad: |
| Name of producer, publisher, distributor, manufacturer | SMME- NUST. |
| Date of production, publication, distribution, manufacture, or copyright notice | 2020. |
| 300 ## - PHYSICAL DESCRIPTION | |
| Extent | 75p. ; |
| Other physical details | Soft Copy, |
| Dimensions | 30cm. |
| 700 ## - ADDED ENTRY--PERSONAL NAME | |
| Personal name | Supervisor : Dr. Zaib Ali |
| 856 ## - ELECTRONIC LOCATION AND ACCESS | |
| Uniform Resource Identifier | <a href="http://10.250.8.41:8080/xmlui/handle/123456789/13152">http://10.250.8.41:8080/xmlui/handle/123456789/13152</a> |
| 942 ## - ADDED ENTRY ELEMENTS (KOHA) | |
| Source of classification or shelving scheme | |
| Koha item type | Thesis |
| Withdrawn status | Permanent Location | Current Location | Shelving location | Date acquired | Full call number | Barcode | Koha item type |
|---|---|---|---|---|---|---|---|
| School of Mechanical & Manufacturing Engineering (SMME) | School of Mechanical & Manufacturing Engineering (SMME) | Thesis | 03/26/2024 | 621 | SMME-TH-512 | Thesis |
